Sports Quiz

Random Sports Quiz

Tottenham 1-11 Squad Numbers 1993-2000 Quiz Stats

 Plays Quiz not verified by Sporcle

Score 0/35 Timer 08:00
0 Plays Today
Number Answer % Correct
1Ian Walker
95.3%
7Darren Anderton
89.4%
9Darren Anderton
89.4%
10Teddy Sheringham
85.9%
9Les Ferdinand
84.7%
10Les Ferdinand
84.7%
2Stephen Carr
80%
5Sol Campbell
80%
10Steffen Iversen
80%
11Chris Armstrong
77.6%
6Gary Mabbutt
75.3%
3Justin Edinburgh
72.9%
7Nick Barmby
68.2%
1Erik Thorstvedt
67.1%
7Ruel Fox
65.9%
4Steffen Freund
64.7%
8Tim Sherwood
64.7%
4David Howells
63.5%
Number Answer % Correct
2Dean Austin
60%
4Gica Popescu
56.5%
8Ilie Dumitrescu
55.3%
6Allan Nielsen
54.1%
8Allan Nielsen
54.1%
3Mauricio Taricco
52.9%
5Colin Calderwood
51.8%
6Chris Perry
50.6%
11Paul Allen
47.1%
4Vinny Samways
43.5%
8Gordon Durie
42.4%
4Nicola Berti
38.8%
11Ronny Rosenthal
37.6%
11Willem Korsten
37.6%
8Moussa Saib
32.9%
3Paulo Tramezzani
23.5%
8Kevin Scott
23.5%

You're not logged in!

Compare scores with friends on all Sporcle quizzes.
OR
Log In

Show Comments

Extras

Created Feb 20, 2014ReportNominate
Tags:squad, Squad Numbers

Top Quizzes Today


Score Distribution

Your Account Isn't Verified!

In order to create a playlist on Sporcle, you need to verify the email address you used during registration. Go to your Sporcle Settings to finish the process.

Report this User

Report this user for behavior that violates our Community Guidelines.

Details: